000 00283nam a2200121Ia 4500
008 191201s2019 xx 000 0 und d
100 _aLIM, Bill P S
245 0 _aDare to Fail
260 _aN.Delhi
_bHardknocks Factory
300 _a339
650 _aGeneral Books
942 _2ddc
_cBK
999 _c1546
_d1546